[Event "FIDE World Cup"]
[Site "Khanty-Mansiysk"]
[Date "2005.11.27"]
[Round "1.1"]
[White "Alekseev, Evgeny V"]
[Black "Kazhgaleyev, Murtas"]
[Result "1/2-1/2"]
[WhiteElo "2632"]
[BlackElo "2602"]
[Annotator "Marin,M"]
[PlyCount "107"]
[EventDate "2005.11.27"]
[EventType "k.o."]
[EventRounds "7"]
[EventCountry "RUS"]
[SourceTitle "CBM 111"]
[Source "ChessBase"]
[SourceDate "2006.04.04"]
[SourceVersion "1"]
[SourceVersionDate "2006.04.04"]
[SourceQuality "1"]

1. e4 e5 2. Nf3 Nc6 3. Bb5 a6 4. Ba4 Nf6 5. O-O Be7 6. Re1 b5 7. Bb3 d6 8. c3
O-O 9. h3 Na5 10. Bc2 c5 11. d4 Qc7 12. Nbd2 cxd4 13. cxd4 Rd8 {One of the
many moves popularized by Keres. The opposition of the rook with the enemy
queen is intended to enable all kind of tactical tricks.} 14. b3 {This is the
old main line, which is traditionally supposed to refute Black's strategy.
Recently, Black has managed to come up with a new idea.} Nc6 15. Bb2 Bb7 16.
Rc1 Qb6 $5 {This move, first played in 2005, has caused a revitalisation of
the whole system based on 13...Rd8. Black improves the position of the queen
and invites White to define his intentions.} 17. Nf1 {White continues his main
plan, ignoring Black's threats.} ({Generally speaking,} 17. d5 {is a normal
reaction when Black's queen's bishop is on d5. However, White's b2-bishop will
also remain slightly passive when the position is blocked, which makes the
whole issue quitr complicated.} Nb4 18. Bb1 a5 19. a3 (19. Nf1 Rdc8 20. Qd2 Na6
21. Ng3 {[%csl Rb3][%cal Yb5b4,Ya6c5,Ya5a4,Yb7a6,Rg3f5,Rg2g4,Rf3h2,Rg1h1,Rf2f4]
1/2-1/2 Karjakin,S (2645)-Inarkiev,E (2618)/Saint Vincent 2005. The position
certainly looks complicated and the decision to agree to a draw-rather
premature.}) 19... Na6 20. Bd3 Rdc8 21. Qe2 {This attempt to obtain a
favourable queen side configuration can be parried in a tactical way.} Nc5 22.
Bxb5 Ncxe4 23. Nxe4 Nxe4 24. Bd4 exd4 25. Rxc8+ Rxc8 26. Qxe4 Qxb5 27. Qxe7 (
27. Nxd4 $142 Qxd5 28. Qxd5 Bxd5 29. Rxe7 g6 $11) 27... h6 28. Qxd6 d3 29. b4
axb4 30. axb4 Qc4 31. Qd7 Bxd5 32. Nd2 Be6 $15 {0-1 Bobras,P (2525)-Smirin,I 
(2652)/Gothenburg 2005 (71)}) ({Since the transfer of the knight to f1 leaves
the e4-square insufficiently defended, thus allowing ...d5, White can also
consider playing a half waiting move such as} 17. Bb1 $5 {However, Black
disposes over an alternate way of releasing the tension.} exd4 (17... Rac8 18.
d5 $14) 18. Nf1 d5 19. exd5 (19. e5 $5 Ne4 20. Ng3) 19... Nxd5 20. Nxd4 Nxd4
21. Bxd4 Qh6 $15 22. Ng3 $6 Ba3 $1 (22... Bf6 23. Nf5 Qg5 24. h4 Qf4 25. g3 Qb8
{Jansa,V (2515)-Lechtynsky,J (2487)/Karlovy Vary 2005/CBM 106} 26. Nh6+ $1 $18)
23. Rc2 Nf4 $17 24. Nf5 $2 Nxh3+ $1 $40) 17... d5 {This should be considered
to be the critical continuation.} ({However, Black can make use of the
opposition of his rook with the enemy queen in order to keep the e5-pawn
indirectly defended and regroup in his own territory without releasing the
tension. This looks like a sensible plan, although it allows White to retain
some advantage of space.} 17... Rac8 18. Ne3 Bf8 19. a3 {Not a nice looking
move.} (19. Qe2 $6 exd4 20. Nf5 Re8 21. N3xd4 Nb4 $15) (19. Bb1 $5) 19... Ne7
20. d5 g6 21. b4 $6 {Also rather unaesthetical.} (21. Qd2 Bh6 22. Bc3 $14)
21... Bh6 22. Nd2 Nh5 $132 {0-1 Yu Shaoteng (2516)-Kazhgaleyev,M (2602)/
Hyderabad IND 2005/TWIC 570 (45)}) 18. exd5 (18. dxe5 Nxe4 {looks very nice
for Black}) ({but} 18. Nxe5 {can lead to more interesting play:} Nxe5 19. dxe5
Nxe4 20. Bd4 Qh6 $13) 18... Rxd5 19. Ne3 Rdd8 {White enjoys perfect
development, but the pressure along the d-file is slightly annoying.} 20. d5 {
After this move Black will be able to justify his previous play.} ({White
could have increased his pressure by means of} 20. Nf5 Bb4 21. Nxe5 $1 Bxe1 22.
Qxe1 {with excellent compensation for the exchange, in view of the joint
pressure exerted by all the minor pieces against the black king side.}) 20...
Bb4 $1 21. Re2 Ne7 {After the simplifications in the centre, Black's position
will be more active.} 22. Nxe5 Nexd5 23. Nxd5 Rxd5 24. Qf1 Rad8 $15 25. Kh2 Rd2
26. Rce1 Qc7 27. Rc1 Qb6 28. Rce1 Nd5 29. a3 Nf4 30. axb4 Nxe2 31. Rxe2 Qc7 32.
Qc1 Qd6 33. Bd3 Rxd3 34. Qf4 Qd5 35. f3 Rxb3 36. Rd2 Rxb2 37. Rxd5 Bxd5 38. h4
Be6 39. Nc6 Re8 40. Qd6 Rc2 41. Nd4 Rc4 42. f4 Bg4 43. f5 Rxd4 44. Qxd4 Bxf5
45. g4 Be6 46. g5 g6 47. Qb6 Bc4 48. Qxa6 Re6 49. Qc8+ Kg7 50. Qc5 Kg8 51. Kg3
Kg7 52. Qd4+ Kg8 53. Kf4 Re8 54. Kg3 1/2-1/2

[Event "Nanjing Pearl Spring 1st"]
[Site "Nanjing"]
[Date "2008.12.11"]
[Round "1"]
[White "Ivanchuk, Vassily"]
[Black "Svidler, Peter"]
[Result "1/2-1/2"]
[WhiteElo "2786"]
[BlackElo "2727"]
[Annotator "Marin,M"]
[PlyCount "74"]
[EventDate "2008.12.11"]
[EventType "tourn"]
[EventRounds "10"]
[EventCountry "CHN"]
[EventCategory "21"]
[SourceTitle "CBM 128"]
[Source "ChessBase"]
[SourceDate "2009.01.28"]
[SourceVersion "1"]
[SourceVersionDate "2009.01.28"]
[SourceQuality "1"]

1. e4 e5 2. Nf3 Nc6 3. Bb5 a6 4. Ba4 Nf6 5. O-O Be7 6. Re1 b5 7. Bb3 O-O 8. c3
d6 9. h3 Na5 10. Bc2 c5 11. d4 Qc7 12. Nbd2 cxd4 13. cxd4 Nc6 14. Nb3 a5 15.
Be3 a4 16. Nbd2 Bd7 17. Rc1 {In this opening variation, Black is allowed to
win space on the queenside with gain of time, but the slightly over-extended
character of his position leaves him a bit hanging. Apart from the e5-square,
he has to care about the newly weakened b5-square.} Qb7 ({The main alternative
is to place the queen on b8 , keeping the e5-pawn over-defended. However, after
} 17... Qb8 {, the queen disturbs the coordination of rooks. Apart from that,
Svidler intends to introduce a new plan, based on giving up the tension with ..
.exd4, when the queen is better placed on b7, because it keeps the e4-pawn
under pressure.}) ({A more consistent form of achieving the mentioned
regrouping is} 17... Rac8 {followed by ...Qb8, as in the game Leko,P (2747)
-Akopian,V (2679)/Elista 2008/CBM 128 [Marin] (1/2, 28)}) 18. Nf1 h6 {This
move is almost invariably played in this line, but usually at a slightly later
stage. Black needs to activate or simply regroup his dark-squared bishop, with
either ...Bf8 or ...Bd8-b6, both leaving the f6-knight vulnerable to an
eventual Bg5. The gneral view seems to be that it is better to make the useful
piece moves first and only then weaken the king's position with ...h6. Svidler
seems to have thought that, since ...h6 is unavoidable anyway, he should
refrain from any other kind of commitment until White defines his plans.} (
18... Rfe8 19. Ng3 Bd8 20. Qe2 h6 {leaves Black under pressure in the centre
and on the queenside.} 21. Bd3 $5 {Karjakin,S (2732)-Inarkiev,E (2684)/Baku
2008/CBM 124/[Karjakin,S] (1-0, 43)} (21. Red1 $5 {had been previously played})
) 19. Ng3 Rfe8 20. Qd2 {A logical move, taking the h6-pawn under control.
Black has to permanently count with a sacrificial attack.} ({Now,} 20. Qe2 {
seems less adequate because of} exd4 {The same idea as in our main game.} ({
In the only game where this position has been reached, Black transposed above
with} 20... Bd8 {Al Sayed,M (2486)-Rimawi,B (2317)/Doha 2006/CBM 115 ext (1-0,
40)}) 21. Nxd4 Ne5 22. Bb1 Bf8 $132 {and the queen is slightly vulnerable on
e2.}) (20. d5 {is premature, because Black has not committed his bishop yet.}
Nb4 21. Bb1 Na6 22. Nh2 Rac8 23. Qf3 Rxc1 24. Rxc1 Rc8 25. Qd1 Nh7 26. Nf3 Bd8
$1 {This manoeuvre would have lost much more time if Black had previously
played ...Bf8.} 27. Rxc8 Qxc8 28. Qc1 Qb8 29. Qd2 Bb6 $11 {Domingos,C (2240)
-El Taher,F (2482)/Lusaka 2005/EXT 2006 (0-1, 60)}) 20... exd4 $5 $146 ({
In the first recorded game where ...h6 had been played on the 18th move, Black
carelessly played} 20... Bd8 $2 {allowing} 21. Bxh6 $1 {with a decisive attack.
} gxh6 ({In the game, he shied away with} 21... Nh7 {but could not save
himself after} 22. Nh5 $16 {1-0 Beliavsky,A (2570)-Lerner,K (2525)/Moscow 1983/
URS-ch (65)}) 22. Qxh6 {[%cal Gf3g5,Gg3h5,Gh6h7,Gh7f7]} Bc8 {[%csl Gf7]} (22...
Nxd4 $2 23. Nxd4 exd4 24. e5 dxe5 25. Nh5 $18) 23. Bd3 {[%csl Rf7][%cal Gc1c6,
Gg3h5]} (23. Ng5 $5 Nxd4 24. Red1 $40 {[%cal Gd1d4,Ye5d4,Ge4e5,Rc2h7,Gg3h5]})
23... Ra6 {[%csl Gc6,Rc8]} 24. d5 Nb4 25. Rxc8 $1 Qxc8 26. Ng5 Ra7 27. Nf5 $18)
(20... Bf8 {retreats with the bishop far from the queenside, when} 21. d5 {
is entirely justified already} Na5 22. Bd3 {McShane,L (2592)-Bruzon Bautista,L
(2610)/Esbjerg 2003/CBM 096/[Wedberg] (1-0, 39)}) 21. Bxh6 $1 {The most
consequent answer.} ({Most of the commentators criticized this move and
recommended the simple} 21. Nxd4 {. Indeed, the engines are rather sceptical
about Black's position, but I believe that in such cases we should trust the
feeling of the two opponents.} Bf8 $5 (21... d5 22. Nxc6 Bxc6 23. Bxh6 gxh6 24.
Qxh6 dxe4 25. Nf5 $18) (21... Bd8 22. Ndf5 Bxf5 23. Nxf5 Ba5 24. Qxd6 Bxe1 25.
Rxe1 {[%cal Gf5h6]} Rad8 $6 26. Qg3 $18) 22. Ndf5 (22. Nxc6 Bxc6 23. Bd4 Nd7
24. Qf4 Ne5 $132) 22... Bxf5 23. Nxf5 Rad8 $13 {[%csl Re4][%cal Gc6e5,Ge5g6,
Ge5c4] Black is harmoniously regrouped, while the c2-bishop has problems
finding an active diagonal.}) 21... Ne5 $1 {The correct reaction. Black keeps
the c2-h7 diagonal blocked.} (21... gxh6 $2 22. Qxh6 Ne5 23. Ng5 {/\f4, e5} Bf8
24. Qxf6 Bg7 25. Qf4 $16) 22. Bg5 $2 {I have the distinct feeling that
something from the good old '50s and '60s has been irremediably lost.} ({
In those (chesswise) happy days, when the rating system had not been invented
and there was no fear that Fritz would later refute a sacrificial attack, most
of the Soviet masters would have played} 22. Bxg7 {without hesitation. This
consequent move would not have led to a forced win, but would have been the
only way to question the viability of Svidler's novelty, keeping Black under
long-term pressure.} Kxg7 ({Unblocking the e4-pawn with the intermediate} 22...
Nxf3+ $2 {would have fatal consequences after} 23. gxf3 Kxg7 24. Qg5+ Kf8 25.
Qh6+ Kg8 26. e5 dxe5 27. Nh5 $18) 23. Nxd4 Rg8 24. f4 (24. Ndf5+ Bxf5 25. Nxf5+
{is also possible, but after} Kh8 {White has to spend a tempo on} 26. Kh1 {
in order to prevent ...Nf3+. In any case, the king's retreat would be an
useful move for later, if White plans to advance his f-pawn.} Bf8 27. f4 Nc4
28. Qd4 Rg6 29. b3 axb3 30. axb3 Na3 31. Bd3 Qa7 32. Qb2 $44) 24... Nc4 25. Qf2
Kh8 26. Ngf5 $40) 22... Nxf3+ 23. gxf3 Bxh3 $13 {The position has become messy.
White has more space, but his king is unsafe. In any case, we cannot speak
about a refutation of Svidler's idea.} 24. Qxd4 Nh7 25. Bxe7 (25. Nh5 {leads
nowhere after} Bf8) 25... Qxe7 26. f4 Qh4 {[%cal Ge8e6,Ge6h6,Yh7f8,Yf8e6]
Starting with this move, Svidler builds up a slow, but very consistent attack.}
27. Bd3 Re6 28. e5 {Ivanchuk's attempt to get some activity in the centre will
leave his pieces hanging, without preventing Black's attack.} Rd8 29. Rcd1 Rh6
30. Bxb5 {White feels like "getting something" in exchange for all the
miseries he has to endure, but at the end of the game the hanging position of
this bishop should have cost him dearly.} Bg4 31. Rd3 $6 {After this move,
Black's attack will be hardly stoppable.} ({Maybe he should have sacrificed
the exchange with} 31. Bc6 $5 {, bringing the bishop back home, but maybe
Black could just have ignored the present with} Nf8 $5) 31... Nf8 32. exd6 (32.
Bc4 {[%csl Ge6]} Bf5 33. Rdd1 Ng6 $1 {It appears that the knight has another
route to f4.} 34. exd6 Nxf4 35. Qxg7+ Kxg7 36. Nxf5+ Kf6 37. Nxh4 Rg8+ 38. Kf1
Rxh4 39. Bd5 Nxd5 40. Rxd5 Rh1+ 41. Ke2 Re8+ 42. Kd2 Rexe1 $19 {and the d-pawn
is too slow.}) (32. Bc6 Ne6 33. Qe3 dxe5 34. Rxd8+ Nxd8 {[%csl Gc6]} 35. Bg2
Bc8 $5 $40 {[%cal Gh4h2,Gc8a6]}) 32... Ne6 33. Qe5 (33. Qe3 Bf5 $19 {[%cal
Ge6f4]}) (33. Qb4 Qh2+ 34. Kf1 Rf6 35. Re4 Ng5 $1 36. Red4 Nh3 $19) 33... Qh2+
34. Kf1 Qh3+ ({Now and two moves later, Svidler misses the simple} 34... Rh5 $1
$19 {[%csl Rb5][%cal Gg3h5,Gh2h1]}) 35. Kg1 Qh2+ 36. Kf1 Qh3+ 37. Kg1 Qh2+
1/2-1/2

[Event "USA-ch GpB"]
[Site "San Diego"]
[Date "2006.03.10"]
[Round "8"]
[White "Christiansen, Larry Mark"]
[Black "Perelshteyn, Eugene"]
[Result "1-0"]
[WhiteElo "2546"]
[BlackElo "2522"]
[Annotator "Marin,M"]
[PlyCount "105"]
[EventDate "2006.03.02"]
[EventType "swiss"]
[EventRounds "9"]
[EventCountry "USA"]
[SourceTitle "CBM 112"]
[Source "ChessBase"]
[SourceDate "2006.06.07"]
[SourceVersion "1"]
[SourceVersionDate "2006.06.07"]
[SourceQuality "1"]

1. e4 e5 2. Nf3 Nc6 3. Bb5 a6 4. Ba4 Nf6 5. O-O Be7 6. Re1 b5 7. Bb3 d6 8. c3
O-O 9. h3 Na5 10. Bc2 c5 11. d4 Qc7 12. Nbd2 cxd4 13. cxd4 Rd8 14. d5 ({
Compared with the variation} 14. b3 Nc6 15. Bb2 Bb7 16. Rc1 Qb6 17. d5 {
the early blocking of the centre has the advantage that the position of the
dark-squared bishop has not been defined yet. However, Black will only need to
lose one tempo (...Rdc8) to adjust the placement of his pieces to the new
necessities of the position (compare with the lines involving ...Bb7, where
two whole tempi (...Bc8-d7) are needed.}) 14... Bd7 15. Nf1 {The most
consistent plan. White slowly builds up his pressure against the enemy king
side. Premature queen side activity offers very little, for instance:} (15. Bd3
Nb7 16. Nb3 Rdc8 17. Qe2 a5 18. Be3 Qb8 19. Rec1 a4 20. Rxc8+ Qxc8 21. Rc1 Qe8
22. Nbd2 Bd8 $11 {1/2-1/2 Milos,G (2633)-Bologan,V (2641)/Buenos Aires 2000/
CBM 080 (27)}) (15. a3 Rdc8 16. Bd3 g6 17. Ra2 Qd8 18. Nf1 Nh5 19. Ng3 Nxg3 20.
fxg3 Nc4 21. b3 Nb6 22. Qe2 a5 23. Kh2 Rab8 24. g4 a4 25. b4 Nc4 26. Rc2 Rc7
27. Nd2 Nxd2 {1/2-1/2 Palac,M (2574)-Smirin,I (2649)/Sibenik CRO 2005/TWIC 553}
) 15... Rdc8 16. Bd3 {Once again the most natural answer.} (16. Ne3 {defines
the position of the knight too soon.} g6 $1 (16... Bd8 17. b3 Nb7 18. a4 Nc5
19. Nd2 Qb7 20. Ba3 Bb6 21. Qf3 Ne8 22. Ra2 Qc7 23. Nf5 $14 {1-0 Azarov,S 
(2582)-Klenburg,M (2400)/Pardubice 2005/CBM 107 ext (42)}) 17. a4 Nh5 {(This
is one of the reasons why White needs a knight on g3.)} 18. Bd2 Nf4 19. Nxe5 $5
{(the only way to question Black's strategy)} dxe5 20. d6 Qxd6 21. Bxa5 Qxd1
22. Raxd1 Be6 $11 {0-1 Lindblom,P-Nielsen,P/Amsterdam 1954/EXT 2001 (35)}) (16.
Re2 {1-0 Benjamin,J (2587)-Shabalov,A (2613)/Seattle 2003/CBM 093/[Wedberg] 
(61)}) (16. Bb1 {looks a bit passive.} Nb7 17. Ng3 Nc5 18. Be3 Na4 19. Qd2 Bd8
20. Bd3 Qa5 21. b4 Qc7 22. Rac1 Qb7 23. a3 Rxc1 24. Rxc1 Rc8 25. Ne2 Rxc1+ 26.
Nxc1 Qc8 27. Ne2 Nb6 28. Qc2 Kf8 29. Qxc8 Bxc8 $11 {1/2-1/2 Short,N (2682)-Xie
Jun (2562)/Jinan 2002/CBM 091 (45)}) 16... Qd8 $6 {Black does not care about
his problem knight and makes a neutral move.} ({In fact, this is the last
possible moment to correct the position of the "Chigorin-knight" with} 16...
Nb7 17. Ng3 (17. b4 $6 a5 $1) (17. Bd2 Nc5 18. Bc2 a5 (18... Na4 19. Bxa4 bxa4
20. Rc1 Qb6 21. Bc3 $14) 19. Ng3 (19. Rc1 Qb8 20. Ng3 b4 21. Nh2 Qb5 22. Be3 a4
23. Bb1 Rc7 24. f4 $13 {0-1 Brinck Claussen,B (2342)-Tseitlin,M (2475)/
Cappelle la Grande FRA 2006/TWIC 590 (65)}) 19... Bd8 (19... Qb7 20. Nh2 b4)
20. Nh2 Qb7 21. Qf3 b4 22. Ng4 Nxg4 23. hxg4 a4 24. Bd1 g6 25. Bh6 Bb5 26. Re3
Ra7 27. Be2 Bxe2 28. Qxe2 Qa6 29. Qd2 Qb5 $11 {1-0 Piket,J (2646)-Jansa,V 
(2504)/Wattenscheid GER 2003/TWIC 431 (41)}) 17... Nc5 18. Bf1 Na4 (18... Qb7
19. b3 a5 20. Bg5 Bd8 $13 {1/2-1/2 Baramidze,D (2659)-Marin,M (2641)/Playchess.
com INT 2006/CT-1904 (49)}) 19. b3 Nc5 {It might seem like if Black simply
loses two whole tempi, but in fact the relative weakness of the b3-pawn will
help him open the queen side.} ({However, it is not easy to find a reason to
refrain from the more active.} 19... Nc3) 20. Nh2 g6 $6 ({But this looks too
slow. More consistent is} 20... b4 21. f4 a5 $132) 21. f4 $36 {1/2-1/2 Sax,G 
(2550)-Wedberg,T (2370)/Thessaloniki 1988/TD (27)}) 17. Rb1 $1 $146 {A strong
prophylactical move, safely preventing the transfer of the a5-knight to c5.} (
17. Ng3 g6 18. Bh6 Bf8 19. Bxf8 Qxf8 20. b3 Qh6 21. Nd2 Nb7 22. Re3 Nc5 23. Bf1
Rc7 $11 {1/2-1/2 Ziatdinov,R (2445)-Cadman,C (2225)/Washington DC 2002/CBM 089
ext (39)}) 17... g6 (17... Nb7 18. b4 $14 {[%csl Gb7]} a5 19. a3) (17... Nc4 $5
18. b3 Nb6) 18. Ng3 h5 $6 {This move only weakens the king side.} ({One last
chance to transfer the knight to a reasonable position consisted of} 18... Ne8
{[%cal Ye8g7,Ya5b7,Yb7d8,Yf7f6,Yd8f7] although the plan illustrated by the
arrows is quite time consuming.}) 19. b3 $1 {[%csl Ga5]} Nh7 (19... Nb7 {
[%cal Yb7c5]} 20. b4 $1 {[%csl Gb7]}) 20. Bd2 Ng5 21. Nh2 Nh7 22. Ne2 Nb7 23.
b4 a5 24. a3 axb4 25. axb4 $14 {White has the upper hand on both wings
although Black'sposition is hard to break still.} Bg5 26. Nf3 Bxd2 27. Qxd2 Qb6
28. Rec1 Kg7 29. Rxc8 Bxc8 30. Rc1 Bd7 31. Qe3 Qxe3 32. fxe3 Nf6 33. Rc7 Ra3
34. Nc3 Nc5 35. bxc5 Rxc3 36. c6 Be8 37. Bxb5 Nxe4 38. Rd7 Rc1+ 39. Kh2 g5 40.
Rd8 g4 41. hxg4 hxg4 42. Nh4 g3+ 43. Kh3 Kh6 44. Kg4 Rc5 45. Nf5+ Kg6 46. Ne7+
Kg7 47. Kf5 Nf6 48. Rxd6 Rxb5 49. Rxf6 Rb2 50. Kxe5 Rxg2 51. Rf3 f6+ 52. Kd6
Kf7 53. c7 1-0